Top 5 3-Point Shooters by Year - Statistics

General Stats
  • This quiz has been taken 41 times
  • The average score is 23 of 103
Answer Stats
Hint Answer % Correct
2019, 2016, 2015, 2013, 2012, 2011 Stephen Curry
97%
1999 Dell Curry
94%
2020, 2019 Seth Curry
94%
2018, 2015 Klay Thompson
86%
1994 Reggie Miller
80%
2014, 2012, 2010, 2005 Mike Miller
77%
2012, 2011 Ray Allen
77%
2006 Mike James
71%
2017, 2015, 2014, 2013, 2010 Kyle Korver
69%
1998, 1997, 1996, 1995, 1994, 1990 Steve Kerr
63%
2019 Danny Green
57%
2013, 2008, 2007, 2002 Steve Nash
57%
1993 Kenny Smith
51%
2002 Steve Smith
51%
2022 Cameron Johnson
49%
2005 Joe Johnson
49%
1997 Kevin Johnson
49%
2021, 2019 Joe Harris
43%
2005 Damon Jones
40%
2008 James Jones
40%
2020, 2017, 2016, 2015 J.J. Redick
40%
2001 Shammond Williams
40%
1999 Walt Williams
40%
2020 Duncan Robinson
37%
2008 Peja Stojaković
37%
2001, 1995 John Stockton
34%
2001, 2000, 1999, 1998, 1996, 1995 Hubert Davis
31%
1994 Tracy Murray
31%
1999, 1998, 1992 Dale Ellis
29%
2022 Lonzo Ball
29%
2015 Eric Gordon
26%
2020 George Hill
26%
1997 Glen Rice
26%
2016 Kawhi Leonard
26%
2007 Anthony Parker
23%
2022 Luke Kennard
23%
2018, 2017 Otto Porter
23%
1991 Terry Porter
23%
1991 Trent Tucker
23%
1990 Byron Scott
20%
2022 Desmond Bane
20%
1993, 1991 Jim Les
20%
2003 Michael Redd
20%
1996, 1994, 1993 B.J. Armstrong
17%
1999, 1998, 1993 Chris Mullin
17%
1993, 1992, 1990 Dražen Petrović
17%
1997 Mitch Richmond
17%
2019 Danilo Gallinari
14%
2000, 1998, 1996, 1992, 1991 Jeff Hornacek
14%
2009 Bobby Simmons
11%
1990 Craig Hodges
11%
2009 Jameer Nelson
11%
2021, 2018, 2017 Joe Ingles
11%
2014 Marco Belinelli
11%
2006 Richard Hamilton
11%
2011 Richard Jefferson
11%
2000 Allan Houston
9%
2007, 2004, 2001 Brent Barry
9%
2002 Jon Barry
9%
2009 Troy Murphy
9%
2022 Tyrese Maxey
9%
2021 Bobby Portis
6%
2003 Bruce Bowen
6%
2008, 2007 Jason Kapono
6%
2014, 2013 José Calderón
6%
2021 Marcus Morris
6%
2011 Matt Bonner
6%
2006 Raja Bell
6%
2018 Reggie Bullock
6%
1994, 1991 Scott Skiles
6%
2014, 2010, 2009 Anthony Morrow
3%
2004 Anthony Peeler
3%
2021 Bryn Forbes
3%
2005 Cuttino Mobley
3%
1995, 1992 Dana Barros
3%
2018 Darren Collison
3%
2003 David Wesley
3%
1995 Detlef Schrempf
3%
2020, 2016 Doug McDermott
3%
2002 Eric Piatkowski
3%
1997 Joe Dumars
3%
1990 Jon Sundvold
3%
2006 Leandro Barbosa
3%
2006 Ty Lue
3%
2003, 2002 Wally Szczerbiak
3%
2003 Wesley Person
3%
2004 Aaron McKie
0%
2017 Allen Crabbe
0%
2004 Brian Cardinal
0%
2010, 2008 Daniel Gibson
0%
2001 Danny Ferry
0%
2013, 2012 Ersan Ílyasova
0%
2005, 2004 Fred Hoiberg
0%
2010 Jared Dudley
0%
2016 Jerryd Bayless
0%
2009 Kelenna Azubuike
0%
2011 Luke Ridnour
0%
2007 Luther Head
0%
2000 Matt Bullard
0%
1992 Mike Iuzzolino
0%
2000 Rodney Rogers
0%
2012 Steve Novak
0%
1996 Tim Legler
0%
No matching quizzes found
Score Distribution
Percent of People with Each Score
Percentile by Number Answered
Your Score History
You have not taken this quiz